| 000 | 00454nam a22001457a 4500 | ||
|---|---|---|---|
| 082 |
_a355.1 _bSHE _cL-20, P-24 |
||
| 100 |
_aSheppard, Captain E.W _948720 |
||
| 245 | _aMilitary history for the staff college entrance examination/ | ||
| 260 |
_aLondon: _bGale & Polden Ltd, _cc1932 |
||
| 300 |
_ax, 121p, _bill,; _c22cm |
||
| 526 |
_a0 _b0 _c0 _d355_009000000000000_SHE |
||
| 526 |
_a0 _b0 _c0 _d355_100000000000000_SHE |
||
| 650 |
_aMCE _9379 |
||
| 942 |
_2ddc _cBK |
||
| 999 |
_c551575 _d551575 |
||